|
|
|
|
| LEADER |
00647nam a22002052a 4500 |
| 001 |
001245685 |
| 003 |
CZ BrMZK |
| 005 |
20120904102123.0 |
| 007 |
ta |
| 008 |
120904s1974 gw f er|||||||||||ger d |
| 040 |
|
|
|a BOA001
|b cze
|
| 100 |
1 |
|
|a Ehmke, Franz,
|d 1928-2018
|7 xx0035068
|4 aut
|
| 245 |
1 |
4 |
|a Der Wochenendgarten /
|c Franz Ehmke
|
| 250 |
|
|
|a 1. Aufl.
|
| 260 |
|
|
|a Berlin :
|b Deutscher Landwirtschaftsverlag,
|c 1974
|
| 300 |
|
|
|a 256 s., obr. příl., barev. obr. příl.
|
| 910 |
|
|
|a BOA001
|b 2-0724.847
|
| 990 |
|
|
|a BK
|
| 991 |
|
|
|b 201208
|
| 996 |
7 |
|
|b 2619648307
|c 2-0724.847
|l Sklad H1
|r Sklad / do 24 hodin
|n 0
|h HS212
|w 001279598
|u 000010
|a 1
|e BOA001
|j MZK50
|s A
|